000 01235cad a22002535a 4500
001 E150055
008 100526s2009 xxk f 000 a0eng d
035 _a(Sirsi) u150055
041 0 _aeng
050 0 4 _a338.4369 $2 18
110 2 _aRider Levett Bucknall
_95520
245 0 0 _aInternational report
_bconstruction market intelligence, October 2009
_h[electronic publication]
260 3 _aLondon
_bRLB
_c2009
490 0 _aRLB International Report
_vConstruction Market Intelligence, October 2009
520 _aLooks at construction cost relativities in the US, Asia, EMEA, and Oceania. Also provides market data in the form of current building costs for offices, hotels, shops, car parking, industrial and residential property in various cities across these regions. Includes a barometer of construction activity.
521 _aAdvanced
590 _aKA
650 2 4 _aRLB INTERNATIONAL REPORT
651 4 _aInternational
690 _aBUILT ENVIRONMENT-BUILDING COSTS
690 _aBUILT ENVIRONMENT-CONSTRUCTION MARKET
856 4 0 _uhttps://www.rlb.com/ebooks/ir-1009_ebook/pdf/Rider%20Levett%20Bucknal%20International%20Report%20October%202009.pdf
_zView the item free of charge (PDF file) at www.rlb.com
942 _n0
999 _c110714
_d110714